000 02717cam a2200409 4500500
005 20251228074011.0
041 _afre
042 _adc
100 1 0 _aMassa-Pairault, Fra
_eauthor
245 0 0 _aDe l’Académie au Musée : regards sur la mosaïque « des Philosophes » (MANN 124545)
260 _c2020.
500 _a74
520 _aDepuis sa découverte en 1897 près de Pompéi, la mosaïque « des Philosophes », homologue d’une autre mosaïque de Sarsina, a suscité les interprétations les plus diverses : Académie de Platon, Lycée d’Aristote, Sept Sages. Après avoir exposé les arguments et les enjeux des principales thèses en présence, l’article revient à l’observation de l’ emblema pour corriger certaines erreurs de lecture et rejeter ces interprétations. Le paysage lointain est une représentation de la vallée du Nil et les intellectuels réunis en cénacle appartiennent au Musée d’Alexandrie. Le protagoniste en est Ératosthène. Le modèle de la mosaïque remonte au règne de Ptolémée III Évergète. L’intérêt des élites romaines pour les héros de l’intellect ou de l’humanité explique en dernier lieu la présence de telles mosaïques à Pompéi ou à Sarsina.
520 _aSince its discovery near Pompeii in 1897, the mosaic “of the Philosophers”, similar to another mosaic from Sarsina, has led to various interpretations: Platon’s Academy, Aristotle’s Lyceum, the Seven Wise Men. The article first synthesizes the various theses’ arguments, and their stakes. It then re-examines the emblema to correct some mistakes in its reading and reject these identifications. The landscape in the background represents the Nile Valley; the intellectuals gathered here belong to Alexandria’s Museum; the main figure is Eratosthenes. The mosaic’s model dates back to Ptolemy III Euergetes. The interest of Roman elites in the heroes of intellect or mankind might explain the discovery of these mosaics at Pompeii or Sarsina.
690 _aAcadémie
690 _aAlexandrie
690 _aCadran solaire
690 _aÉratosthène
690 _aLycée
690 _aMosaïque
690 _aMusée
690 _aNilomètre
690 _aPompéi
690 _aSphère céleste
690 _aAcademy
690 _aAlexandria
690 _aCelestial sphere
690 _aEratothenes
690 _aLyceum
690 _aMosaic
690 _aMuseum
690 _aNilometer
690 _aPompeii
690 _aSundial
786 0 _nRevue archéologique | 69 | 1 | 2020-03-25 | p. 29-83 | 0035-0737
856 4 1 _uhttps://shs.cairn.info/revue-archeologique-2020-1-page-29?lang=fr&redirect-ssocas=7080
999 _c1596612
_d1596612